000 00288nam a22001337a 4500
008 170414b xxu||||| |||| 00| 0 eng d
020 _a9781885115423
041 _aeng
080 _a612.39
100 _a10
101 _ashm
245 _aFAST FOOD FACTS
_cFRANZ, M.J
942 _2udc
_cBK
999 _c10715
_d10715